| 000 | 00445nam a22001817a 4500 | ||
|---|---|---|---|
| 003 | CEME | ||
| 005 | 20210628210023.0 | ||
| 008 | 210210b xxu||||| |||| 00| 0 eng d | ||
| 020 | _a81-87336-13-7 | ||
| 040 | _c. | ||
| 082 | _a005.16 GOE | ||
| 100 |
_aGoel, S. K _977863 |
||
| 245 | _aSoftware management | ||
| 260 |
_aINDIA _bDOMINANT PUBLISHERS _c1999 |
||
| 300 | _a315P | ||
| 650 |
_aSOFTWARE SYSTEM MANAGEMENT _977864 |
||
| 942 |
_cBK _2ddc |
||
| 999 |
_c583058 _d583058 |
||